| 000 | 01149cam a22003257a 4500 | ||
|---|---|---|---|
| 001 | 1352 | ||
| 005 | 20230821090042.0 | ||
| 008 | 111220s2011 dcua j 000 0 eng d | ||
| 020 | _a9781426308529 | ||
| 020 | _a9781426308512 | ||
| 020 | _a1426308515 | ||
| 020 | _a1426308523 | ||
| 040 |
_aBTCTA _beng _cBTCTA _dOCO _dHBP _dKCP _dUKMGB _dJRN _dDLC |
||
| 050 | 0 | 0 |
_aQL458.4 _b.M355 2011 |
| 082 | 0 | 0 |
_a595.4/4 _223 |
| 100 | 1 | _aMarsh, Laura F. | |
| 245 | 1 | 0 |
_aSpiders / _cLaura Marsh. |
| 260 |
_aWashington, DC : _bNational Geographic, _c2011 |
||
| 300 |
_a32 pages ; _bcolor illustrations ; _c24 cm |
||
| 490 | 1 | _aNational Geographic readers. Level 1 | |
| 490 | 1 | _aNational Geographic kids | |
| 505 | 0 | _aH | |
| 505 | 0 | _aIt's a spider! -- Spiders, spiders everywhere! -- A spider's body -- Spider food -- Senses -- Web builders -- Spinning silk -- Super spiders! -- Baby spiders -- Helpful spiders -- What in the world? | |
| 520 | _aAn introduction to spiders. | ||
| 521 |
_a500
_bLexile |
||
| 521 |
_aH
_bRaz-Plus |
||
| 650 | 0 |
_aSpiders _vJuvenile literature. |
|
| 906 |
_a7 _bcbc _ccopycat _d2 _encip _f20 _gy-gencatlg |
||
| 942 |
_2ddc _cBK _n0 |
||
| 999 |
_c1352 _d1352 |
||